| 000 | 00618nam a2200205Ia 4500 | ||
|---|---|---|---|
| 003 | OSt | ||
| 005 | 20250115091334.0 | ||
| 008 | 210716s2001 xx 000 0 und d | ||
| 020 | _a0070472599 | ||
| 040 | _cAIMIT LIBRARY | ||
| 041 | _aeng | ||
| 082 |
_a005.7401 _bCOUJ |
||
| 100 |
_aCouchman, Jason s. _9193258 |
||
| 245 |
_aOracle8i certified professional sql and pl/ sql exam guide / _cBy Jason S Couchman. |
||
| 250 | _a1st ed. | ||
| 260 |
_aNew Delhi : _bTata McGraw Hill Publishing Company Ltd , _c2001. |
||
| 300 |
_axxix,570 p.; _bPB _c25 cm. |
||
| 650 |
_aOracle /SQL _9193259 |
||
| 942 |
_2ddc _cBK _e1st ed. |
||
| 999 |
_c184830 _d184830 |
||